Nemecko a štáty Visegrádskej štvorky
Bilaterálne vzťahy v deväťdesiatych rokoch. Negatívne vplyvy vo vzťahoch medzi Nemeckom a visegrádskými štátmi. Význam spoločných dejín z pohľadu bilaterálnych vzťahov. Znovuzjednotenie Nemecka a jeho úloha v medzinárodných vzťahoch. Perspektívy bilaterálnych vzťahov Nemecka so štátmi V4.
Guardado en:
| Autor principal: | |
|---|---|
| Formato: | Capítulo de libro |
| Lenguaje: | eslovaco |
| Materias: | |
| Etiquetas: |
Sin Etiquetas, Sea el primero en etiquetar este registro!
|
MARC
| LEADER | 00000naa$a2200000$$$4500 | ||
|---|---|---|---|
| 001 | 0004739 | ||
| 005 | 20230922121004.5 | ||
| 041 | 0 | |a slo | |
| 044 | |a SK | ||
| 245 | 1 | 0 | |a Nemecko a štáty Visegrádskej štvorky |c aut. Wilma Jober |
| 520 | |a Bilaterálne vzťahy v deväťdesiatych rokoch. Negatívne vplyvy vo vzťahoch medzi Nemeckom a visegrádskými štátmi. Význam spoločných dejín z pohľadu bilaterálnych vzťahov. Znovuzjednotenie Nemecka a jeho úloha v medzinárodných vzťahoch. Perspektívy bilaterálnych vzťahov Nemecka so štátmi V4. | ||
| 610 | 2 | 0 | |a Nemecko |
| 610 | 2 | 0 | |a SVE |
| 610 | 2 | 0 | |a vzťahy politické medzinárodné |
| 610 | 2 | 0 | |a história |
| 610 | 2 | 0 | |a Európska únia |
| 100 | 1 | |a Jober, Wilma | |